Celebrity - Sudden Death - Statistiken

Allgemein
  • Dieses Quiz wurde 168 mal gespielt
  • Das Durchschnittsergebnis liegt bei 3 aus 12
Answers on the Grid
Answers color-coded by a green-red scale on the quiz's grid according to % correct below.
Kate Fleetwood
Pete Limburgh
Kim Hoffenstedt
Indy Penybell
Tommy Lee
George Kennedy
Madison King
Mark Wahlberg
Cindy Klein
George Clooney
Dennis Quaid
Jet Li
Tony McRon
Kenny Morgan
Robert Malloon
Isa Jank
Conrad Anderson
Kevin Kline
John Camperon
Michael C. Hall
Eric McTeal
Christian Winston
Shawnee Smith
Tommy Smith
 
Antwortstatistiken
Antwort % Korrekt
George Clooney
77%
Mark Wahlberg
60%
Tommy Lee
47%
Jet Li
29%
Kate Fleetwood
26%
Michael C. Hall
24%
George Kennedy
22%
Dennis Quaid
18%
Kevin Kline
12%
Isa Jank
7%
Shawnee Smith
7%
Tony McRon
2%
Keine übereinstimmenden Quizze gefunden
Verteilung der Resultate
Anzahl Personen mit jedem Resultat
Perzentil nach korrekt beantworteten Fragen
Ihre Resultats-Entwicklung
Sie haben dieses Quiz noch nicht gespielt